One hundred years ago; or, Our boys of 1776. : (Record no. 17688)

MARC details
000 -LEADER
fixed length control field 01040cam a22002891a 4500
001 - CONTROL NUMBER
control field ca 34002088
003 - CONTROL NUMBER IDENTIFIER
control field DLC
005 - DATE AND TIME OF LATEST TRANSACTION
control field 20260227111136.0
007 - PHYSICAL DESCRIPTION FIXED FIELD--GENERAL INFORMATION
fixed length control field cr_|||||||||||
008 - FIXED-LENGTH DATA ELEMENTS--GENERAL INFORMATION
fixed length control field 900201s1876 mau 000 0 eng
010 ## - LIBRARY OF CONGRESS CONTROL NUMBER
LC control number ca 34002088
035 ## - SYSTEM CONTROL NUMBER
System control number (OCoLC)21233391
040 ## - CATALOGING SOURCE
Original cataloging agency DLC
Transcribing agency RPB
Modifying agency DLC
042 ## - AUTHENTICATION CODE
Authentication code premarc
050 00 - LIBRARY OF CONGRESS CALL NUMBER
Classification number PS1059.B22
Item number O6 1876
100 1# - MAIN ENTRY--PERSONAL NAME
Personal name Baker, George Melville,
Dates associated with a name 1832-1890.
245 10 - TITLE STATEMENT
Title One hundred years ago; or, Our boys of 1776. :
Remainder of title A patriotic drama in two acts. /
Statement of responsibility, etc. By the author of "Sylvia's soldier," "Once on a time" ...
260 ## - PUBLICATION, DISTRIBUTION, ETC.
Place of publication, distribution, etc. Boston :
Name of publisher, distributor, etc. George M. Baker and Company,
Date of publication, distribution, etc. 1876.
300 ## - PHYSICAL DESCRIPTION
Extent 54 p. ;
Dimensions 20 cm.
490 1# - SERIES STATEMENT
Series statement The Amateur drmaa
500 ## - GENERAL NOTE
General note Ascribed to George Melville Baker. Cf. NUC pre-1956.
530 ## - ADDITIONAL PHYSICAL FORM AVAILABLE NOTE
Additional physical form available note Also available in digital form on the Internet Archive Web site.
651 #0 - SUBJECT ADDED ENTRY--GEOGRAPHIC NAME
Geographic name United States
General subdivision History
Chronological subdivision Revolution, 1775-1783
Form subdivision Drama.
740 0# - ADDED ENTRY--UNCONTROLLED RELATED/ANALYTICAL TITLE
Uncontrolled related/analytical title Our boys of 1776.
830 #0 - SERIES ADDED ENTRY--UNIFORM TITLE
Uniform title Amateur drama.
856 41 - ELECTRONIC LOCATION AND ACCESS
Uniform Resource Identifier <a href="http://hdl.loc.gov/loc.gdc/scd0001.0015863496A">http://hdl.loc.gov/loc.gdc/scd0001.0015863496A</a>

No items available.

Powered by Koha